<?xml version="1.0" encoding="UTF-8"?>
<record
    xmlns:xsi="http://www.w3.org/2001/XMLSchema-instance"
    xsi:schemaLocation="http://www.loc.gov/MARC21/slim http://www.loc.gov/standards/marcxml/schema/MARC21slim.xsd"
    xmlns="http://www.loc.gov/MARC21/slim">

  <leader>00794nam a22002417a 4500</leader>
  <controlfield tag="003">UA-OsUOA</controlfield>
  <controlfield tag="001"> 24847 </controlfield>
  <controlfield tag="007">ta</controlfield>
  <controlfield tag="008">20040303b un ||||| |||| 00| 0 ukr d</controlfield>
  <datafield tag="090" ind1=" " ind2=" ">
    <subfield code="a">342.7(477)</subfield>
    <subfield code="b">&#x414;66</subfield>
  </datafield>
  <datafield tag="942" ind1=" " ind2=" ">
    <subfield code="c">BK</subfield>
  </datafield>
  <datafield tag="040" ind1=" " ind2=" ">
    <subfield code="a">UA-OsUOA</subfield>
    <subfield code="b">ukr</subfield>
    <subfield code="c">UA-OsUOA</subfield>
    <subfield code="d">UA-OsUOA</subfield>
  </datafield>
  <datafield tag="245" ind1=" " ind2=" ">
    <subfield code="a">&#x414;&#x43E;&#x43C;&#x43E;&#x432;&#x43B;&#x435;&#x43D;&#x456;&#x441;&#x442;&#x44C; &#x43C;&#x456;&#x436; &#x423;&#x43A;&#x440;&#x430;&#x457;&#x43D;&#x43E;&#x44E; &#x442;&#x430; &#x420;&#x435;&#x441;&#x43F;&#x443;&#x431;&#x43B;&#x456;&#x43A;&#x43E;&#x44E; &#x423;&#x437;&#x431;&#x435;&#x43A;&#x438;&#x441;&#x442;&#x430;&#x43D; &#x449;&#x43E;&#x434;&#x43E; &#x441;&#x43F;&#x456;&#x432;&#x440;&#x43E;&#x431;&#x456;&#x442;&#x43D;&#x438;&#x446;&#x442;&#x432;&#x430; &#x443; &#x432;&#x438;&#x440;&#x456;&#x448;&#x435;&#x43D;&#x43D;&#x456; &#x43F;&#x438;&#x442;&#x430;&#x43D;&#x44C; &#x433;&#x440;&#x43E;&#x43C;&#x430;&#x434;&#x44F;&#x43D;&#x441;&#x442;&#x432;&#x430; &#x434;&#x435;&#x43F;&#x43E;&#x440;&#x442;&#x43E;&#x432;&#x430;&#x43D;&#x438;&#x445; &#x43E;&#x441;&#x456;&#x431; &#x442;&#x430; &#x457;&#x445;&#x43D;&#x456;&#x445; &#x43D;&#x430;&#x449;&#x430;&#x434;&#x43A;&#x456;&#x432;</subfield>
    <subfield code="b">&#x417;&#x431;&#x456;&#x440;&#x43A;&#x430; &#x434;&#x43E;&#x43A;&#x443;&#x43C;&#x435;&#x43D;&#x442;&#x456;&#x432;</subfield>
  </datafield>
  <datafield tag="300" ind1=" " ind2=" ">
    <subfield code="a">206 &#x441;.</subfield>
  </datafield>
  <datafield tag="955" ind1=" " ind2=" ">
    <subfield code="a">0</subfield>
  </datafield>
  <datafield tag="041" ind1=" " ind2=" ">
    <subfield code="a">ukr</subfield>
  </datafield>
  <datafield tag="080" ind1=" " ind2=" ">
    <subfield code="a">342.7(477)</subfield>
  </datafield>
  <datafield tag="020" ind1=" " ind2=" ">
    <subfield code="a">966-7558-09-6</subfield>
  </datafield>
  <datafield tag="260" ind1=" " ind2=" ">
    <subfield code="a">&#x41A;&#x438;&#x457;&#x432;</subfield>
    <subfield code="c">1999</subfield>
  </datafield>
  <datafield tag="044" ind1=" " ind2=" ">
    <subfield code="a">UA</subfield>
  </datafield>
  <datafield tag="650" ind1=" " ind2="7">
    <subfield code="2">UDC</subfield>
  </datafield>
  <datafield tag="999" ind1=" " ind2=" ">
    <subfield code="c">311133</subfield>
    <subfield code="d">311133</subfield>
  </datafield>
  <datafield tag="952" ind1=" " ind2=" ">
    <subfield code="0">0</subfield>
    <subfield code="1">0</subfield>
    <subfield code="2">udc</subfield>
    <subfield code="4">0</subfield>
    <subfield code="7">0</subfield>
    <subfield code="a">102</subfield>
    <subfield code="b">102</subfield>
    <subfield code="d">2004-03-03</subfield>
    <subfield code="g">172.50</subfield>
    <subfield code="i">67075</subfield>
    <subfield code="l">0</subfield>
    <subfield code="o">342.7(477) &#x414;66</subfield>
    <subfield code="p">67075</subfield>
    <subfield code="r">2022-02-06 00:00:00</subfield>
    <subfield code="w">2004-03-03</subfield>
    <subfield code="y">BK</subfield>
  </datafield>
  <datafield tag="952" ind1=" " ind2=" ">
    <subfield code="0">0</subfield>
    <subfield code="1">0</subfield>
    <subfield code="2">udc</subfield>
    <subfield code="4">0</subfield>
    <subfield code="7">0</subfield>
    <subfield code="a">102</subfield>
    <subfield code="b">102</subfield>
    <subfield code="d">2004-03-03</subfield>
    <subfield code="g">23.00</subfield>
    <subfield code="i">67076</subfield>
    <subfield code="l">0</subfield>
    <subfield code="o">342.7(477) &#x414;66</subfield>
    <subfield code="p">67076</subfield>
    <subfield code="r">2022-02-06 00:00:00</subfield>
    <subfield code="w">2004-03-03</subfield>
    <subfield code="y">BK</subfield>
  </datafield>
</record>
